Estudio comparativo de las propiedades Físico - Mecánicas de morteros utilizando vidrio de desecho como reemplazo parcial y total del cemento Pórtland
Presenta la evaluación técnica del uso de vidrio de desecho como sustituto parcial y total del cemento Pórtland, los cuales fueron comparados como morteros de referencia 100% Cemento Pórtland
| Main Authors: | , |
|---|---|
| Other Authors: | |
| Format: | Tesis Section = Libro |
| Language: | Undetermined Spanish |
| Published: |
Managua
UNI
2012
|
| Subjects: |
| LEADER | 01046nam a2200241Ia 4500 | ||
|---|---|---|---|
| 008 | 240830s9999 xx 000 0 und d | ||
| 040 | |a BIBLIOTECA-RUSB/ Mon 620.1390287 M516 | ||
| 041 | |a spa | ||
| 082 | |a Mon 620.1390287 M516 | ||
| 100 | 1 | |a Mejía Cajina, Xochil Yaoska | |
| 100 | 1 | |b Blanco Cruz, Carlos Fernando | |
| 245 | 1 | 0 | |a Estudio comparativo de las propiedades Físico - Mecánicas de morteros utilizando vidrio de desecho como reemplazo parcial y total del cemento Pórtland |
| 260 | |a Managua |b UNI |c 2012 | ||
| 300 | |a 56 p. :il. | ||
| 502 | |a Tesis (Ingeniero Químico) - UNI, 2012. | ||
| 520 | 3 | |a Presenta la evaluación técnica del uso de vidrio de desecho como sustituto parcial y total del cemento Pórtland, los cuales fueron comparados como morteros de referencia 100% Cemento Pórtland | |
| 650 | 7 | |a MATERIALES DE CONSTRUCCIÓN | |
| 650 | 7 | |b ENSAYO DE MATERIALES - VIDRIO | |
| 650 | 7 | |c MORTERO CONSTRUCCIÓN | |
| 700 | 1 | |a Tutor: |b Espinoza Pérez, Lester Javier | |
| 942 | |c BK |2 ddc | ||
| 991 | |a TESIS | ||
| 999 | |c 20033 | ||